Statistics for Words that End in "-unch"

Click here to take the quiz!

General Stats

  • This quiz has been taken 165 times
  • The average score is 8 of 16

Answer Stats

Answer% Correct
Lunch
96%
Munch
96%
Punch
90%
Hunch
86%
Crunch
84%
Bunch
83%
Brunch
80%
Launch
45%
Paunch
28%
Staunch
25%
Scrunch
24%
Haunch
23%
Relaunch
12%
Prelaunch
9%
Counterpunch
4%
Keypunch
4%

Score Distribution

Percentile by Number Answered

Percent of People with Each Score

Your Score History

You have not taken this quiz